| 000 | 00537cam a2200205 4500 | ||
|---|---|---|---|
| 001 | B3422 | ||
| 008 | 090401t1991 xxu||||| |||| 00| 0 eng d | ||
| 035 | _a(Sirsi) u55959 | ||
| 041 | _aeng | ||
| 050 | _a693.5 | ||
| 100 | _aMarsh, B.K. | ||
| 245 | _aEuropean concreting practice: West Germany | ||
| 260 |
_aGarston,Watford _bBuilding Research Establishment _c1991 |
||
| 300 | _a(4)p. : ill. ; 30cm. | ||
| 350 | _a0 | ||
| 490 |
_aBRE Information Paper _v3/91 |
||
| 650 | _aCONCRETE STRUCTURES | ||
| 942 | _n0 | ||
| 948 | _c04/03/1997 | ||
| 999 |
_c93694 _d93694 |
||